| 000 | 00476nam a22001817a 4500 | ||
|---|---|---|---|
| 003 | CEME | ||
| 005 | 20210628201628.0 | ||
| 008 | 210212b xxu||||| |||| 00| 0 eng d | ||
| 020 | _a0-87762-288-4 | ||
| 040 | _c. | ||
| 082 | _a620.118 TSA | ||
| 100 |
_aHahn, H.Thomas Tsai, Stephen.W _956084 |
||
| 245 | _aIntroduction to composite materials | ||
| 260 |
_aUSA _bTECHNOMIC PUBLISHER _c1980 |
||
| 300 | _aIX,455P | ||
| 650 |
_aCOMPOSITE MATERIALS _925366 |
||
| 942 |
_cBK _2ddc |
||
| 999 |
_c566609 _d566609 |
||